<?xml version="1.0" encoding="UTF-8"?><?xml-stylesheet type="text/xsl" href="static/style.xsl"?><OAI-PMH xmlns="http://www.openarchives.org/OAI/2.0/" xmlns:xsi="http://www.w3.org/2001/XMLSchema-instance" xsi:schemaLocation="http://www.openarchives.org/OAI/2.0/ http://www.openarchives.org/OAI/2.0/OAI-PMH.xsd"><responseDate>2026-06-03T08:21:27Z</responseDate><request verb="GetRecord" identifier="oai:riuma.uma.es:10630/36334" metadataPrefix="marc">https://riuma.uma.es/rest/oai/request</request><GetRecord><record><header><identifier>oai:riuma.uma.es:10630/36334</identifier><datestamp>2026-05-29T12:18:14Z</datestamp><setSpec>com_10630_2254</setSpec><setSpec>col_10630_37953</setSpec></header><metadata><record xmlns="http://www.loc.gov/MARC21/slim" xmlns:dcterms="http://purl.org/dc/terms/" xmlns:doc="http://www.lyncode.com/xoai" xmlns:xsi="http://www.w3.org/2001/XMLSchema-instance" xsi:schemaLocation="http://www.loc.gov/MARC21/slim http://www.loc.gov/standards/marcxml/schema/MARC21slim.xsd">
   <leader>00925njm 22002777a 4500</leader>
   <datafield ind2=" " ind1=" " tag="042">
      <subfield code="a">dc</subfield>
   </datafield>
   <datafield ind2=" " ind1=" " tag="720">
      <subfield code="a">Morales-Cantero, Alejandro</subfield>
      <subfield code="e">author</subfield>
   </datafield>
   <datafield ind2=" " ind1=" " tag="720">
      <subfield code="a">Vallina, Diego</subfield>
      <subfield code="e">author</subfield>
   </datafield>
   <datafield ind2=" " ind1=" " tag="720">
      <subfield code="a">Gómez-de-la-Torre, María de los  Ángeles</subfield>
      <subfield code="e">author</subfield>
   </datafield>
   <datafield ind2=" " ind1=" " tag="720">
      <subfield code="a">Cuesta-García, Ana María</subfield>
      <subfield code="e">author</subfield>
   </datafield>
   <datafield ind2=" " ind1=" " tag="720">
      <subfield code="a">Santacruz-Cruz, María Isabel</subfield>
      <subfield code="e">author</subfield>
   </datafield>
   <datafield ind2=" " ind1=" " tag="720">
      <subfield code="a">Dalla-Libera, Alessandro</subfield>
      <subfield code="e">author</subfield>
   </datafield>
   <datafield ind2=" " ind1=" " tag="720">
      <subfield code="a">Borralleras, Pere</subfield>
      <subfield code="e">author</subfield>
   </datafield>
   <datafield ind2=" " ind1=" " tag="720">
      <subfield code="a">Dhers, Sebastien</subfield>
      <subfield code="e">author</subfield>
   </datafield>
   <datafield ind2=" " ind1=" " tag="720">
      <subfield code="a">Schwesig, Peter</subfield>
      <subfield code="e">author</subfield>
   </datafield>
   <datafield ind2=" " ind1=" " tag="720">
      <subfield code="a">Mazanec, Oliver</subfield>
      <subfield code="e">author</subfield>
   </datafield>
   <datafield ind2=" " ind1=" " tag="720">
      <subfield code="a">García-Aranda, Miguel Ángel</subfield>
      <subfield code="e">author</subfield>
   </datafield>
   <datafield ind2=" " ind1=" " tag="260">
      <subfield code="c">2024</subfield>
   </datafield>
   <datafield ind2=" " ind1=" " tag="520">
      <subfield code="a">Limestone Calcined Clay Cements (LC3) are attracting considerable attention due to their low CO2 footprints and relatively fast hydration kinetics. LC3-50 formulations (approximately 50% Portland clinker, 30% kaolinitic calcined clay, 15% limestone and 5% gypsum) are being extensively investigated and the hydration chemistry, rheology, mechanical strength developments and durability performances are starting to be well established. LC3 binders with lower clinker factors are possible, offering an opportunity for further CO2 footprint reduction. However, these blends have been much less studied. This work contributes to fill this gap. Here, a LC3-35 binder (i.e. 35% Portland clinker content) is investigated and its performances are compared to those of the original Portland cement (PC) and a standard LC3-50 binder. The effects of two superplasticizers and a strength-enhancing admixture are thoroughly investigated in mortars and pastes. Larger calcined clay contents result in an exacerbation of the slump retention problem, but this issue is solved by the use of a new superplasticizer. Moreover, the low mechanical strengths at early ages can be partly mitigated with a C-S-H nucleation seeding admixture. Employing the right admixtures, LC3-35 binders can develop strength values similar to those of neat PC and LC3-50 at 7 and 28 days. The laboratory X-ray powder diffraction results for LC3-35 pastes, when using the strength-enhancing admixture, show that C4AF exhibits an accelerated reaction rate, leading to the formation of larger amounts of AFt and AFm. Approximate mass balance calculations are carried out to estimate the metakaolin reaction degree and an environmental performance indicator is used to place the footprints of the reported binders within the LC3 landscape.</subfield>
   </datafield>
   <datafield ind1="8" ind2=" " tag="024">
      <subfield code="a">Alejandro Morales-Cantero, Diego Vallina, Angeles G. De la Torre, Ana Cuesta, Isabel Santacruz, Alessandro Dalla-Libera, Pere Borralleras, Sébastien Dhers, Peter Schwesig, Oliver Mazanec, Maiguel A.G. Aranda, Enhancing fluidity and mechanical properties in Limestone Calcined Clay cements with one-third Portland clinker content, Journal of Building Engineering, Volume 95, 2024, 110334, ISSN 2352-7102, https://doi.org/10.1016/j.jobe.2024.110334. (https://www.sciencedirect.com/science/article/pii/S2352710224019028)</subfield>
   </datafield>
   <datafield ind1="8" ind2=" " tag="024">
      <subfield code="a">https://hdl.handle.net/10630/36334</subfield>
   </datafield>
   <datafield ind1="8" ind2=" " tag="024">
      <subfield code="a">10.1016/j.jobe.2024.110334</subfield>
   </datafield>
   <datafield tag="653" ind2=" " ind1=" ">
      <subfield code="a">Cemento Portland</subfield>
   </datafield>
   <datafield tag="653" ind2=" " ind1=" ">
      <subfield code="a">Cemento</subfield>
   </datafield>
   <datafield ind2="0" ind1="0" tag="245">
      <subfield code="a">Enhancing fluidity and mechanical properties in Limestone Calcined Clay cements with one-third Portland clinker content</subfield>
   </datafield>
</record>
</metadata></record></GetRecord></OAI-PMH>